[Event "Tournoi Skype 023B"]
[Site "Skype"]
[Date "????.??.??"]
[Round "5.5"]
[White "Teles, Jeferson Lisboa"]
[Black "Escudero Ocana, Francisco"]
[Result "1-0"]
[WhiteElo "1571"]
[BlackElo "1338"]
[PlyCount "137"]

1. e4 e5 2. Nf3 Nc6 3. Bc4 h6 4. O-O Nf6 5. Nc3 Bb4 6. Re1 Bxc3 7. dxc3 d6 8.
h3 O-O 9. b4 a6 10. a4 Be6 11. Bxe6 fxe6 12. Qd3 Qd7 13. Nh4 Ne7 14. c4 a5 15.
b5 b6 16. Ba3 Rae8 17. Rad1 Nc8 18. Qe2 Qf7 19. Nf3 Nd7 20. Rd3 Qf6 21. Nh2 Rf7
22. Rf3 Qg6 23. Rxf7 Kxf7 24. Qg4 Qf6 25. Re3 Kg8 26. Rf3 Qe7 27. Bc1 g5 28.
Qh5 Kg7 29. Ng4 Rh8 30. Bd2 Qe8 31. Qxe8 Rxe8 32. h4 Kg6 33. hxg5 hxg5 34. Rh3
Rg8 35. Rh6+ Kf7 36. Rh7+ Ke8 37. f3 Ne7 38. Rh6 Kf7 39. Rh1 Nc5 40. Nh6+ Kf8
41. Nxg8 Nxg8 42. Bxg5 Nxa4 43. Bd8 d5 44. exd5 exd5 45. cxd5 Nc3 46. Bxc7 Nxd5
47. Bxe5 a4 48. Kf2 Nge7 49. Rh8+ Kf7 50. Ra8 Ke6 51. Ba1 Nc7 52. Rxa4 Nxb5 53.
Rb4 Na3 54. Rxb6+ Kd5 55. c3 Nc6 56. Rb7 Ne5 57. Ke2 Kc6 58. Rh7 Nc2 59. Bb2
Nc4 60. Bc1 Na1 61. Kd3 Kd5 62. Rh5+ Ne5+ 63. Ke2 Nb3 64. Bb2 Nc5 65. c4+ Kxc4
66. Rxe5 Nd3 67. Re4+ Kb3 68. Kxd3 Kxb2 69. g4 1-0

[Event "Tournoi Skype 023B"]
[Site "Skype"]
[Date "????.??.??"]
[Round "5.7"]
[White "Mantelli, Luca"]
[Black "Navghane, Rahul"]
[Result "1-0"]
[WhiteElo "1285"]
[BlackElo "1506"]
[PlyCount "83"]

1. e4 e5 2. Nf3 Nc6 3. Bc4 Bc5 4. c3 Nf6 5. d3 h6 6. O-O d6 7. Re1 Be6 8. Bb5
O-O 9. a3 a6 10. Ba4 b5 11. Bc2 a5 12. d4 exd4 13. cxd4 Bb6 14. d5 Ng4 15. Rf1
Bd7 16. dxc6 Bxc6 17. Qd3 Bxf2+ 18. Rxf2 Nxf2 19. Kxf2 Re8 20. Nc3 b4 21. Nd5
Bb7 22. Bd2 Ba6 23. Qb3 c6 24. Ne3 c5 25. Re1 Bb7 26. Nf5 a4 27. Qd3 b3 28. Bb1
Re6 29. Bf4 Ra6 30. Nd2 Kh8 31. Nc4 d5 32. Ncd6 Raxd6 33. Nxd6 Rxd6 34. Bxd6
Qxd6 35. e5 Qg6 36. Qxg6 fxg6 37. Bxg6 Bc6 38. e6 c4 39. e7 Be8 40. Bxe8 c3 41.
Bg6 Kg8 42. e8=Q# 1-0

[Event "Tournoi Skype 023B"]
[Site "Skype"]
[Date "????.??.??"]
[Round "5.8"]
[White "Franca, Diego"]
[Black "Couto, Januario"]
[Result "1-0"]
[WhiteElo "1291"]
[BlackElo "1482"]
[PlyCount "67"]

1. d4 f5 2. g3 g6 3. Bg2 Bg7 4. Nf3 Nf6 5. O-O O-O 6. c4 c6 7. b3 d5 8. Bb2 e6
9. Nbd2 Nbd7 10. cxd5 exd5 11. e3 Ne4 12. Ba3 Re8 13. Rc1 Qa5 14. Nb1 c5 15.
dxc5 Nc3 16. Nxc3 Qxa3 17. Nb5 Qa5 18. a4 a6 19. Nd6 Re6 20. Qxd5 Nf6 21. Nxb7
Qc7 22. Qd8+ Qxd8 23. Nxd8 Re8 24. Rfd1 Rb8 25. Rd3 Bd7 26. c6 Rbxd8 27. cxd7
Rxd7 28. Rxd7 Nxd7 29. Ne1 Rb8 30. Bd5+ Kf8 31. Rc7 Nf6 32. Rf7+ Ke8 33. Rxg7
Nxd5 34. Rg8+ 1-0

[Event "Tournoi Skype 023B"]
[Site "Skype"]
[Date "????.??.??"]
[Round "5.9"]
[White "Torres, Vicky"]
[Black "Munoz Gonzalez, Martin"]
[Result "0-1"]
[WhiteElo "1265"]
[BlackElo "1394"]
[PlyCount "78"]

1. c4 e5 2. Nc3 Nc6 3. e3 Nf6 4. Nge2 a6 5. d4 exd4 6. exd4 Be7 7. g3 d6 8. Bg2
Bd7 9. O-O O-O 10. a3 Qc8 11. Nf4 Bg4 12. Qc2 Nd8 13. Ncd5 Re8 14. Re1 Nxd5 15.
Nxd5 Nc6 16. Ne3 Bd7 17. d5 Ne5 18. Be4 Ng6 19. Bf5 Bg5 20. Bxd7 Qxd7 21. Kg2
Bxe3 22. Bxe3 Qg4 23. Qb3 Nh4+ 24. Kf1 Qh3+ 25. Ke2 Qg4+ 26. Kd2 Nf3+ 27. Kd3
Nxe1+ 28. Rxe1 Qe4+ 29. Kd2 b6 30. a4 Rab8 31. Qc3 Qg6 32. b4 Qe4 33. h4 Rbc8
34. b5 axb5 35. axb5 Ra8 36. Qb3 Ra5 37. Re2 Rea8 38. Bf4 Ra2+ 39. Ke1 Qxe2#
0-1

[Event "Tournoi Skype 023B"]
[Site "Skype"]
[Date "????.??.??"]
[Round "5.10"]
[White "Borg, Anthony"]
[Black "Moumtaz, Abderrahim"]
[Result "1-0"]
[WhiteElo "1390"]
[BlackElo "1280"]
[PlyCount "97"]

1. c4 d5 2. c5 e5 3. e3 Bxc5 4. Bb5+ c6 5. Ba4 Nf6 6. Nc3 O-O 7. Nge2 Re8 8. d3
b5 9. Bc2 Bb4 10. O-O Na6 11. a3 Bc5 12. b4 Bb6 13. h3 Nc7 14. a4 a6 15. a5 Ba7
16. Bb2 Bf5 17. Ng3 Be6 18. Rc1 Qd7 19. Nce2 Qd6 20. Qd2 c5 21. bxc5 Bxc5 22.
Bb1 Rab8 23. d4 exd4 24. Nxd4 Bb4 25. Qd3 Bxa5 26. Nxe6 Qxe6 27. Bxf6 Qxf6 28.
Qxh7+ Kf8 29. Nh5 Qh6 30. Qxh6 gxh6 31. Rc6 Re6 32. Rc5 Bb6 33. Rc3 a5 34. Nf4
Rd6 35. Rd1 b4 36. Rb3 a4 37. Rxb4 a3 38. Ba2 Ke7 39. Rd3 Na6 40. Rb5 Nc7 41.
Rbb3 d4 42. exd4 Ba7 43. Rxa3 Bxd4 44. Rf3 Ra8 45. Rxa8 Nxa8 46. Nh5 f6 47. Ng7
Rd5 48. Nf5+ Kd7 49. Bxd5 1-0

[Event "Tournoi Skype 023B"]
[Site "Skype"]
[Date "????.??.??"]
[Round "5.11"]
[White "Malbec, Robert"]
[Black "Sanchez Padilla, Armando Edilber"]
[Result "1-0"]
[WhiteElo "1401"]
[BlackElo "1287"]
[PlyCount "99"]

1. e4 e5 2. Nf3 Nc6 3. Bc4 Nf6 4. Ng5 d5 5. exd5 Nxd5 6. Nxf7 Bg4 7. f3 Qf6 8.
Bxd5 Be6 9. Nxh8 Bxd5 10. O-O Bc5+ 11. Kh1 O-O-O 12. Nc3 Be6 13. Ne4 Qe7 14. d3
Rxh8 15. Bg5 Qf8 16. Nxc5 Qxc5 17. Qe2 Nd4 18. Be3 Qd5 19. Bxd4 exd4 20. Qe4
Qd7 21. Rfe1 Bd5 22. Qe7 Qf5 23. Re5 Qd7 24. Qxd7+ Kxd7 25. Rxd5+ Kc6 26. Rxd4
Re8 27. Re4 Rd8 28. Rae1 Rd7 29. Re7 Rxe7 30. Rxe7 Kd6 31. Rxg7 b5 32. Rxh7 a5
33. Rh5 c5 34. Rh4 b4 35. Rc4 Kd5 36. b3 Kc6 37. h4 Kb5 38. h5 a4 39. h6 axb3
40. axb3 Kc6 41. h7 Kb5 42. h8=Q Kb6 43. Qh5 Ka6 44. Qxc5 Kb7 45. Qc7+ Ka6 46.
Qb8 Ka5 47. Rc5+ Ka6 48. Qb5+ Ka7 49. Rc7+ Ka8 50. Qb7# 1-0

[Event "Tournoi Skype 023B"]
[Site "Skype"]
[Date "????.??.??"]
[Round "5.12"]
[White "Scata, Laura"]
[Black "Morelli, Daniel"]
[Result "0-1"]
[WhiteElo "1106"]
[BlackElo "1394"]
[PlyCount "90"]

1. e4 d5 2. exd5 Qxd5 3. Nc3 Qa5 4. Nf3 Nf6 5. d3 c6 6. Bd2 Qc7 7. Be2 Bg4 8.
O-O e6 9. Qc1 Nbd7 10. Re1 Bd6 11. Bf4 Bxf4 12. Qd1 O-O 13. g3 Bd6 14. Kg2 Ne5
15. Nxe5 Bxe2 16. Qxe2 Bxe5 17. Qxe5 Qxe5 18. Rxe5 Rad8 19. Ne4 Rd5 20. Nxf6+
gxf6 21. Rxd5 cxd5 22. d4 b5 23. c3 h5 24. Kh3 Kg7 25. Kh4 Kg6 26. g4 hxg4 27.
Kxg4 Rg8 28. h4 f5+ 29. Kh3 Kh5 30. Re1 Rg4 31. f3 Rxh4+ 32. Kg2 f4 33. Rh1
Rxh1 34. Kxh1 Kh4 35. Kg2 f6 36. Kf2 e5 37. a3 a5 38. Kg2 Kg5 39. Kh3 Kf5 40.
Kh4 e4 41. fxe4+ Kxe4 42. Kh3 f3 43. Kh2 Ke3 44. Kg1 Ke2 45. Kh1 f2 0-1

[Event "Tournoi Skype 023B"]
[Site "Skype"]
[Date "????.??.??"]
[Round "5.13"]
[White "Silva, Givson"]
[Black "Bustos, Ricardo"]
[Result "1/2-1/2"]
[WhiteElo "1365"]
[BlackElo "1241"]
[PlyCount "109"]

1. e4 c5 2. Nf3 g6 3. d4 cxd4 4. Nxd4 Bg7 5. Nc3 Nf6 6. Bc4 O-O 7. Be3 Nc6 8.
f3 Ne5 9. Bb3 d6 10. Qd2 Re8 11. O-O-O Bd7 12. h4 h5 13. Bh6 Bh8 14. Nde2 Rc8
15. Nf4 Nc4 16. Bxc4 Rxc4 17. Bg5 Qb6 18. Nxg6 fxg6 19. Bxf6 Bxf6 20. Qd5+ Kg7
21. Qxc4 Rc8 22. Qb3 Qa6 23. Rd3 Rxc3 24. bxc3 Bb5 25. Re3 Ba4 26. Qb4 Be5 27.
Kb1 Qc6 28. g4 Bf4 29. Rd3 Bb5 30. c4 Bxc4 31. Rc3 b5 32. gxh5 a5 33. Qxa5 Be5
34. Ra3 gxh5 35. Rg1+ Kf7 36. Qd2 Qc5 37. Qc1 Qd4 38. c3 Bd3+ 39. Kb2 Qf2+ 40.
Ka1 Qxf3 41. Qg5 Bxe4 42. Qg8+ Kf6 43. Qf8+ Ke6 44. Rg6+ Kd5 45. Qg8+ Kc6 46.
Ra6+ Kb7 47. Qa8+ Kc7 48. Qa7+ Bb7 49. Qb6+ Kd7 50. Qxb5+ Kc7 51. Qb6+ Kd7 52.
Qb5+ Kc7 53. Qb6+ Kd7 54. Qb5+ Kc7 55. Qb6+ 1/2-1/2

[Event "Tournoi Skype 023B"]
[Site "Skype"]
[Date "????.??.??"]
[Round "5.14"]
[White "Khatanhar, Mohit"]
[Black "Luna Perez Vico, Lorenzo"]
[Result "1/2-1/2"]
[WhiteElo "1259"]
[BlackElo "1488"]
[PlyCount "40"]

1. e4 c5 2. c4 g6 3. Nf3 Bg7 4. Be2 Nc6 5. Qc2 d6 6. h3 Nf6 7. d3 Bd7 8. Be3
O-O 9. O-O Ne8 10. Nc3 Nd4 11. Qc1 e6 12. Bh6 Qc7 13. Bxg7 Kxg7 14. Qg5 Nxf3+
15. Bxf3 Qd8 16. Qg3 Bc6 17. Ne2 e5 18. Bg4 Nf6 19. f4 Nxg4 20. Qxg4 Bd7
1/2-1/2

[Event "Tournoi Skype 023B"]
[Site "Skype"]
[Date "????.??.??"]
[Round "5.15"]
[White "Amato, Ludovica"]
[Black "Quillien, Pierre-Yves"]
[Result "1/2-1/2"]
[WhiteElo "1230"]
[BlackElo "1466"]
[PlyCount "41"]

1. e4 e6 2. d4 d5 3. exd5 Qxd5 4. Nc3 Bb4 5. Nf3 c5 6. Be2 Nc6 7. O-O Bxc3 8.
bxc3 Nf6 9. Ba3 b6 10. Re1 O-O 11. dxc5 bxc5 12. Qxd5 Nxd5 13. Bxc5 Rd8 14. Nd4
Bd7 15. Bf3 Rac8 16. Nxc6 Bxc6 17. Bxa7 Nxc3 18. Bxc6 Rxc6 19. Be3 Nd5 20. Rad1
Rxc2 21. Ra1 1/2-1/2

[Event "Tournoi Skype 023B"]
[Site "Skype"]
[Date "????.??.??"]
[Round "5.16"]
[White "Cayo, Ana Carolina"]
[Black "K, Ashoka"]
[Result "1-0"]
[WhiteElo "1449"]
[BlackElo "1268"]
[PlyCount "49"]

1. d4 Nf6 2. Nf3 d5 3. Bf4 Bf5 4. e3 e6 5. Be2 Nbd7 6. c4 dxc4 7. Bxc4 Bb4+ 8.
Nbd2 Ne4 9. O-O Ndf6 10. Rc1 O-O 11. Qe2 Bg4 12. Nb1 c5 13. dxc5 Qa5 14. a3 Bd2
15. b4 Bxb4 16. axb4 Qxb4 17. Bd3 Rfc8 18. Rc4 Qa5 19. Bxe4 Nxe4 20. Rxe4 Rxc5
21. Bd6 Rc6 22. Bb4 Qb6 23. Rxg4 Rac8 24. Qb2 Rc2 25. Qxg7# 1-0

[Event "Tournoi Skype 023B"]
[Site "Skype"]
[Date "????.??.??"]
[Round "5.17"]
[White "Alverson, Ginny"]
[Black "Duthoit, Bernard"]
[Result "0-1"]
[WhiteElo "1190"]
[BlackElo "1421"]
[PlyCount "82"]

1. Nf3 e6 2. d4 d5 3. Nbd2 c5 4. e3 Nc6 5. Bd3 Qb6 6. O-O cxd4 7. Nxd4 Nxd4 8.
exd4 Qxd4 9. Nf3 Qb6 10. b3 Nf6 11. Bb2 Be7 12. Bd4 Qd8 13. Bb5+ Bd7 14. Bxd7+
Qxd7 15. Ne5 Qd8 16. Ng4 O-O 17. Bxf6 Bxf6 18. Rc1 Bc3 19. Qd3 Rc8 20. Qb5 b6
21. Qa4 a5 22. Qf4 Qc7 23. Qg5 f6 24. Nh6+ Kh8 25. Qh5 gxh6 26. Qxh6 Qg7 27.
Qh3 e5 28. Rcd1 d4 29. Rd3 Qf7 30. Rg3 Rg8 31. Rf3 Rc6 32. Qh6 Qg6 33. Qh3 Bd2
34. Rg3 Qf7 35. Rd1 Rxg3 36. hxg3 Rxc2 37. f4 e4 38. Qf5 Qg6 39. Qh3 e3 40. f5
Qg5 41. g4 e2 0-1

[Event "Tournoi Skype 023B"]
[Site "Skype"]
[Date "????.??.??"]
[Round "5.18"]
[White "Le Bouill, Pierre"]
[Black "Vincent, Andre"]
[Result "0-1"]
[WhiteElo "1165"]
[BlackElo "1372"]
[PlyCount "70"]

1. Nf3 e6 2. c4 d5 3. b3 Nf6 4. a3 c5 5. e3 Nc6 6. d3 Be7 7. Be2 O-O 8. O-O Qc7
9. Bb2 e5 10. d4 cxd4 11. exd4 e4 12. Ne5 Be6 13. cxd5 Nxd5 14. Nd2 Nf6 15.
Ndc4 Rad8 16. Nxc6 Qxc6 17. Ne5 Qb6 18. Nc4 Bxc4 19. Bxc4 a5 20. Qd2 Bd6 21. f3
Rfe8 22. Rfe1 exf3 23. Rxe8+ Rxe8 24. gxf3 h6 25. Kf1 Nh5 26. Re1 Rxe1+ 27.
Kxe1 Bf4 28. Qe2 Kf8 29. a4 Qd6 30. Ba3 Qxa3 31. Bb5 Nf6 32. Qc2 Qb4+ 33. Kd1
Qxd4+ 34. Ke1 Qa1+ 35. Ke2 Qc1 0-1

[Event "Tournoi Skype 023B"]
[Site "Skype"]
[Date "????.??.??"]
[Round "5.19"]
[White "Baker, Abi"]
[Black "Gerbaux, Regis"]
[Result "1-0"]
[WhiteElo "1110"]
[BlackElo "1357"]
[PlyCount "23"]

1. c4 c5 2. Nc3 Nf6 3. e4 e5 4. d3 h6 5. Nge2 d6 6. g3 Bg4 7. Bg2 Qe7 8. Nd5
Nxd5 9. exd5 Bh3 10. Bxh3 Qf6 11. Qa4+ Nd7 12. Qxd7# 1-0

[Event "Tournoi Skype 023B"]
[Site "Skype"]
[Date "????.??.??"]
[Round "5.20"]
[White "Yanez, Leticia Jorgelina"]
[Black "Erten, Ozlem"]
[Result "1-0"]
[WhiteElo "1328"]
[BlackElo "1256"]
[PlyCount "59"]

1. d4 d5 2. Nf3 c6 3. e3 Bf5 4. Bd3 Bxd3 5. Qxd3 Nd7 6. b3 e6 7. a3 Bd6 8. Bb2
Qc7 9. Nbd2 Ngf6 10. e4 dxe4 11. Nxe4 Nxe4 12. Qxe4 Nf6 13. Qe2 O-O 14. O-O Ng4
15. g3 Rae8 16. Ne5 Nh6 17. c4 f6 18. c5 Be7 19. Ng4 Nxg4 20. Qxg4 f5 21. Qe2
Bd8 22. Qe5 Qxe5 23. dxe5 f4 24. g4 f3 25. Rad1 Bc7 26. Rfe1 Rf4 27. h3 Ba5 28.
b4 Bc7 29. Rd7 Rc8 30. Re7 1-0

[Event "Tournoi Skype 023B"]
[Site "Skype"]
[Date "????.??.??"]
[Round "5.21"]
[White "De Nobrega, George"]
[Black "Lecluyse, Koenraad"]
[Result "1-0"]
[WhiteElo "1323"]
[BlackElo "1224"]
[PlyCount "73"]

1. e4 e6 2. Nf3 d5 3. exd5 exd5 4. d4 Nc6 5. Nc3 Nf6 6. h3 Be7 7. Be2 O-O 8.
O-O h6 9. Re1 Bf5 10. Bd3 Bxd3 11. Qxd3 Re8 12. a3 a5 13. Qb5 Qc8 14. Nxd5 Nxd5
15. Qxd5 Bf6 16. Rxe8+ Qxe8 17. Be3 Rd8 18. Qc4 Ne7 19. c3 Nd5 20. Re1 Qe7 21.
Bxh6 Qd6 22. Be3 c6 23. Qd3 Qd7 24. Bg5 b5 25. Bxf6 Nxf6 26. Qe3 Re8 27. Qd2
Rxe1+ 28. Qxe1 Qd5 29. Qe5 Qb3 30. Qe2 Qa2 31. Ne5 Qd5 32. Qf3 Qa2 33. Qe2 Qa1+
34. Kh2 Qc1 35. Nxc6 Qf4+ 36. g3 Qf5 37. Ne7+ 1-0

[Event "Tournoi Skype 023B"]
[Site "Skype"]
[Date "????.??.??"]
[Round "5.22"]
[White "Codina, Teresa"]
[Black "Gonzalez, Ivan"]
[Result "0-1"]
[WhiteElo "1287"]
[BlackElo "1000"]
[PlyCount "72"]

1. e4 c5 2. Nf3 d6 3. d4 cxd4 4. Nxd4 Nf6 5. Nc3 e5 6. Bb5+ Bd7 7. Bxd7+ Qxd7
8. Nb3 Nc6 9. O-O a6 10. h3 Be7 11. Be3 O-O 12. Nd2 b5 13. a4 Na5 14. axb5 axb5
15. b4 Nc4 16. Nxc4 bxc4 17. Rb1 Rfb8 18. Qe2 Rc8 19. b5 Ra3 20. Nd5 Nxd5 21.
exd5 Qb7 22. b6 Qxd5 23. b7 Rb8 24. Rfd1 Qc6 25. Qe1 Rxb7 26. Ra1 d5 27. Rxa3
Bxa3 28. Qa5 Be7 29. Rxd5 Rb1+ 30. Kh2 Bb4 31. Qd8+ Bf8 32. Rxe5 Qd6 33. Qe8
Rb8 34. Bc5 Rxe8 35. Bxd6 Bxd6 36. f4 Rxe5 0-1

[Event "Tournoi Skype 023B"]
[Site "Skype"]
[Date "????.??.??"]
[Round "5.23"]
[White "Yilmazer, Seher"]
[Black "Battaglia, Gabriele"]
[Result "0-1"]
[WhiteElo "1148"]
[BlackElo "1283"]
[PlyCount "54"]

1. d4 Nf6 2. Nc3 g6 3. Nf3 Bg7 4. e4 d6 5. h3 O-O 6. Bd3 Nbd7 7. Bf4 Re8 8. Qd2
c6 9. e5 dxe5 10. dxe5 Nh5 11. Bh6 Nxe5 12. Nxe5 Bxe5 13. Rd1 Ng7 14. g4 Qc7
15. f4 Bd4 16. Ke2 e5 17. f5 gxf5 18. Qg5 f6 19. Qxf6 Rf8 20. Qg5 Be6 21. Rdf1
e4 22. Nxe4 fxe4 23. Rxf8+ Rxf8 24. Bxe4 Rf2+ 25. Kd3 Bxb2 26. Bxh7+ Kxh7 27.
Qh4 Qd7+ 0-1

[Event "Tournoi Skype 023B"]
[Site "Skype"]
[Date "????.??.??"]
[Round "5.24"]
[White "Berbedes, Jorgelina"]
[Black "Hargez, Dany"]
[Result "0-1"]
[WhiteElo "1075"]
[BlackElo "1282"]
[PlyCount "36"]

1. d4 d5 2. Nf3 Bf5 3. Bf4 Nf6 4. Nbd2 e6 5. e3 Bd6 6. Bg3 Bxg3 7. hxg3 Nc6 8.
Ne5 Nxe5 9. dxe5 Nd7 10. f4 Qe7 11. Nb3 f6 12. g4 Bg6 13. Bb5 Qb4+ 14. Qd2 Qxb5
15. exf6 Nxf6 16. g5 Ne4 17. Qd1 Qb6 18. Ke2 Ng3+ 0-1

[Event "Tournoi Skype 023B"]
[Site "Skype"]
[Date "????.??.??"]
[Round "5.25"]
[White "Ozyuksel, Gulcan"]
[Black "Khabou, Taha"]
[Result "0-1"]
[WhiteElo "1000"]
[BlackElo "1274"]
[PlyCount "26"]

1. e4 c5 2. Nf3 Nc6 3. d4 cxd4 4. Nxd4 Nf6 5. f3 e5 6. Nxc6 bxc6 7. Be3 d5 8.
Nc3 d4 9. Qd3 dxe3 10. Qxe3 Be7 11. Bc4 O-O 12. O-O Qa5 13. a3 Bc5 0-1

[Event "Tournoi Skype 023B"]
[Site "Skype"]
[Date "????.??.??"]
[Round "5.26"]
[White "Maccaferri, Massimo"]
[Black "Cengiz, Ali Ekber"]
[Result "1-0"]
[WhiteElo "1259"]
[BlackElo "1227"]
[PlyCount "65"]

1. f4 d5 2. e4 c6 3. exd5 cxd5 4. Qe2 Nf6 5. Qb5+ Nc6 6. Qa4 a6 7. d4 b5 8.
Bxb5 Ra7 9. Bxc6+ Bd7 10. Bxd7+ Nxd7 11. Nc3 e6 12. Nb5 Ra8 13. Nc3 Be7 14. f5
O-O 15. g4 Bh4+ 16. Ke2 Re8 17. Be3 exf5 18. Nf3 Nb6 19. Qc6 Re6 20. Qc5 Na4
21. Nxa4 Rc8 22. Qb4 Rxc2+ 23. Kd3 Qc8 24. Nxh4 Qc4+ 25. Qxc4 Rxc4 26. gxf5 Re4
27. b3 Rc6 28. Rac1 Rxc1 29. Rxc1 h5 30. Nf3 f6 31. Nb6 g5 32. fxg6 Rg4 33. Rg1
1-0

[Event "Tournoi Skype 023B"]
[Site "Skype"]
[Date "????.??.??"]
[Round "5.27"]
[White "Hernandez Lopez, Joaquin"]
[Black "Schnell, Nicolas"]
[Result "1-0"]
[WhiteElo "1251"]
[BlackElo "1000"]
[PlyCount "59"]

1. e4 e5 2. Bc4 Nf6 3. Nf3 g6 4. O-O Nc6 5. Ng5 Qe7 6. Bxf7+ Kd8 7. c3 h6 8.
Ne6+ dxe6 9. Bxg6 Qg7 10. Bh5 Rg8 11. g3 Nxe4 12. d3 Ng5 13. Qg4 Bc5 14. Be3 b6
15. h4 e4 16. dxe4 e5 17. Qd1+ Bd6 18. hxg5 hxg5 19. Bg4 Bb7 20. Nd2 Rh8 21.
Kg2 Ne7 22. Rh1 Bxe4+ 23. Nxe4 Rf8 24. Bxg5 Qf7 25. Bh5 Qf5 26. Qd5 Rb8 27.
Rad1 Rc8 28. Rd2 c6 29. Qxd6+ Qd7 30. Qxd7# 1-0

[Event "Tournoi Skype 023B"]
[Site "Skype"]
[Date "????.??.??"]
[Round "5.28"]
[White "Farthouat, Catherine"]
[Black "Douichi, Mohammed"]
[Result "0-1"]
[WhiteElo "1129"]
[BlackElo "1245"]
[PlyCount "28"]

1. c4 e5 2. Nc3 Nf6 3. d3 d5 4. cxd5 Nxd5 5. Bd2 Be6 6. g3 Qd7 7. h3 Nc6 8. Bg2
Bc5 9. e3 Ndb4 10. d4 exd4 11. Na4 Nd3+ 12. Ke2 dxe3 13. fxe3 Bc4 14. Bc3 Nxb2+
0-1

[Event "Tournoi Skype 023B"]
[Site "Skype"]
[Date "????.??.??"]
[Round "5.29"]
[White "Farfallini, Michel"]
[Black "Schuh, David"]
[Result "1-0"]
[WhiteElo "1223"]
[BlackElo "1000"]
[PlyCount "41"]

1. e4 e5 2. Nf3 Nf6 3. Nxe5 Nxe4 4. d3 d6 5. Qh5 dxe5 6. Qxe5+ Be7 7. Qxg7 Bf8
8. Qxh8 Nf6 9. Bg5 Nbd7 10. Nc3 b6 11. O-O-O Ba6 12. Re1+ Ne5 13. Rxe5+ Kd7 14.
Bxf6 Qc8 15. Qxh7 Bd6 16. Qxf7+ Kc6 17. Qd5+ Kd7 18. g3 c6 19. Re7+ Kd8 20.
Qxd6+ Qd7 21. Qxd7# 1-0

[Event "Tournoi Skype 023B"]
[Site "Skype"]
[Date "????.??.??"]
[Round "5.30"]
[White "Mimouni, Driss"]
[Black "Bacha, Mehdi"]
[Result "1-0"]
[WhiteElo "1038"]
[BlackElo "1142"]
[PlyCount "61"]

1. e4 c5 2. d4 b6 3. Bb5 Bb7 4. d5 Nf6 5. e5 Nxd5 6. c4 Nc7 7. Ba4 Bxg2 8. e6
Bxh1 9. Bxd7+ Nxd7 10. exd7+ Qxd7 11. Qxd7+ Kxd7 12. Nd2 e6 13. f3 Bd6 14. Ne4
Bxh2 15. Nh3 Bg3+ 16. Nxg3 Bxf3 17. Ng5 Bg4 18. Nxf7 Rhf8 19. Ne5+ Ke7 20. Bg5+
Ke8 21. Nxg4 Na6 22. O-O-O Nb4 23. a3 Rf3 24. Ne4 Nd3+ 25. Kc2 Nf4 26. Nd6+ Kd7
27. Ne5+ Kc7 28. Nxf3 Rf8 29. Nb5+ Kb7 30. Rd7+ Ka6 31. Rxa7# 1-0

[Event "Tournoi Skype 023B"]
[Site "Skype"]
[Date "????.??.??"]
[Round "5.31"]
[White "Porcabeuf, Jean-Marc"]
[Black "Swanepoel, Karel"]
[Result "1-0"]
[WhiteElo "1177"]
[BlackElo "1000"]
[PlyCount "89"]

1. d4 Nf6 2. Nf3 d5 3. h3 Nc6 4. e3 e6 5. Bd3 Bd6 6. O-O O-O 7. Re1 b6 8. c3
Bb7 9. Nbd2 Re8 10. e4 Ne7 11. e5 Bxe5 12. Nxe5 Nf5 13. Ndf3 Ne4 14. Bg5 Nxg5
15. Nxg5 Qxg5 16. Nf3 Qg6 17. Ne5 Qg5 18. Qc2 g6 19. Rf1 Nh4 20. g3 f6 21. Ng4
Nf3+ 22. Kg2 Nd2 23. f4 Nxf1 24. fxg5 f5 25. Nf6+ Kf7 26. Rxf1 Re7 27. Rf4 Rh8
28. Rh4 h6 29. Rxh6 Rxh6 30. gxh6 Kxf6 31. Qf2 Rh7 32. Qf4 c5 33. Qh4+ g5 34.
Qh5 c4 35. Bc2 b5 36. h4 g4 37. Qg5+ Kf7 38. h5 Kf8 39. Qg6 Rf7 40. h7 Rxh7 41.
Qxh7 Bc8 42. h6 Ba6 43. Qg7+ Ke8 44. h7 b4 45. h8=Q# 1-0

[Event "Tournoi Skype 023B"]
[Site "Skype"]
[Date "????.??.??"]
[Round "5.32"]
[White "Barrionuevo, Hilario"]
[Black "Marty, Yvette"]
[Result "1/2-1/2"]
[WhiteElo "1000"]
[BlackElo "1000"]
[PlyCount "60"]

1. d4 d5 2. e3 Nf6 3. Bd3 e6 4. Nf3 g6 5. O-O c5 6. dxc5 Bxc5 7. a3 Bd6 8. Re1
O-O 9. h4 e5 10. Nbd2 e4 11. Nxe4 dxe4 12. Bxe4 Nxe4 13. Qd4 Re8 14. b4 Nc6 15.
Qc4 Ne5 16. Qxe4 Nxf3+ 17. Qxf3 Kg7 18. Bb2+ Kf8 19. Rad1 Qxh4 20. Rxd6 Re6 21.
Be5 Rxe5 22. e4 Be6 23. g3 Qh3 24. Qf4 Rh5 25. f3 Qh1+ 26. Kf2 Rh2+ 27. Ke3
Qxe1+ 28. Kd4 Re8 29. e5 Rd2+ 30. Kc5 Rd5+ 1/2-1/2

[Event "Tournoi Skype 023B"]
[Site "Skype"]
[Date "????.??.??"]
[Round "6.1"]
[White "Vilone, Rino"]
[Black "Leyton Calderon, Jairo Oswaldo"]
[Result "1/2-1/2"]
[WhiteElo "1466"]
[BlackElo "1572"]
[PlyCount "28"]

1. e4 c5 2. d4 cxd4 3. f4 Nc6 4. Nf3 Nf6 5. e5 Nd5 6. Bc4 Nb6 7. Bb3 d6 8. O-O
Bg4 9. Bxf7+ Kd7 10. e6+ Kc7 11. h3 Bxf3 12. Qxf3 g6 13. a4 Bg7 14. Qb3 Rc8
1/2-1/2

[Event "Tournoi Skype 023B"]
[Site "Skype"]
[Date "????.??.??"]
[Round "6.2"]
[White "Lemoine, Gerard"]
[Black "Aceituno, Stebe"]
[Result "0-1"]
[WhiteElo "1567"]
[BlackElo "1458"]
[PlyCount "96"]

1. d4 Nf6 2. c4 d6 3. Nc3 g6 4. e4 Bg7 5. Nf3 Nbd7 6. Bd3 O-O 7. O-O e5 8. d5
Nc5 9. Bc2 c6 10. b4 Na6 11. a3 cxd5 12. cxd5 Bd7 13. Rb1 Rc8 14. Na2 Nc7 15.
Be3 Nb5 16. Rb3 Nd4 17. Bxd4 exd4 18. Nxd4 Ba4 19. Re3 Bxc2 20. Nxc2 Re8 21.
Rfe1 Qd7 22. R3e2 Rc4 23. Nd4 Ng4 24. Nf3 Ne5 25. Nxe5 Bxe5 26. Qb3 Qc8 27. g3
b5 28. Kg2 a6 29. Qb1 Qb8 30. Rc1 Rec8 31. Rxc4 Rxc4 32. Nc1 Qc7 33. Nd3 Bd4
34. Qd1 Rc3 35. Nb2 Bf6 36. a4 Rc1 37. Qd3 Bxb2 38. Rxb2 bxa4 39. Qxa6 Re1 40.
Qa8+ Kg7 41. Qc6 Qb8 42. b5 Rxe4 43. b6 a3 44. Ra2 Rb4 45. Rxa3 Rxb6 46. Ra8
Qb7 47. Qc3+ f6 48. Rc8 Qxd5+ 0-1

[Event "Tournoi Skype 023B"]
[Site "Skype"]
[Date "????.??.??"]
[Round "6.3"]
[White "Montalvo, Mario"]
[Black "Teles, Jeferson Lisboa"]
[Result "1/2-1/2"]
[WhiteElo "1360"]
[BlackElo "1571"]
[PlyCount "95"]

1. d4 Nf6 2. Bg5 d6 3. Bxf6 exf6 4. c4 Bf5 5. Nc3 Nc6 6. e4 Bg6 7. Nf3 Qd7 8.
Bd3 Nb4 9. Bb1 Qg4 10. O-O O-O-O 11. Qa4 Nc6 12. d5 Ne5 13. Nxe5 dxe5 14. Qxa7
Kd7 15. Qxb7 Ke8 16. Qc6+ Qd7 17. Qxd7+ Kxd7 18. a3 Rb8 19. b4 c5 20. b5 Bd6
21. Bc2 Bc7 22. Rfd1 Ba5 23. Rd3 Bh5 24. Kf1 g5 25. h3 Bg6 26. Nd1 f5 27. f3 h5
28. Nf2 fxe4 29. fxe4 f5 30. Rg3 g4 31. exf5 Bh7 32. hxg4 hxg4 33. Rxg4 Rbf8
34. Rg7+ Kc8 35. g4 e4 36. Bxe4 Bc3 37. Rxh7 Bxa1 38. Rxh8 Rxh8 39. Ke2 Bd4 40.
Kf3 Rh2 41. Nd3 Ra2 42. g5 Rxa3 43. f6 Ra1 44. Bf5+ Kc7 45. f7 Bg7 46. Ke4 Kd6
47. Nf4 Re1+ 48. Kf3 1/2-1/2

[Event "Tournoi Skype 023B"]
[Site "Skype"]
[Date "????.??.??"]
[Round "6.4"]
[White "Ram, Madhukesh"]
[Black "Kruzeniski, Randy"]
[Result "1/2-1/2"]
[WhiteElo "1275"]
[BlackElo "1427"]
[PlyCount "50"]

1. d4 d5 2. c4 e6 3. Nc3 Nf6 4. Nf3 c6 5. e3 Nbd7 6. Bd2 b6 7. a4 Bb7 8. Bd3
Bd6 9. h3 h6 10. O-O O-O 11. b3 a5 12. Re1 Re8 13. e4 dxe4 14. Nxe4 Nxe4 15.
Bxe4 Nf6 16. Bd3 c5 17. Be3 cxd4 18. Bxd4 Bb4 19. Re3 Bxf3 20. Rxf3 e5 21. Bb2
Bd6 22. Re3 Qc7 23. Qe2 Re7 24. Re1 Rae8 25. Bf5 g6 1/2-1/2